000 00479cam a2200181ua 4500
001 2931
008 110919n ii |||gr||||Z||||||asm
040 _cMAIN
082 _a920
100 1 _aBhattacharyya, Parag Kumar,
_eAuthor.
245 1 1 _aNirmal prabhar anupam abha
_cby Parag Kumar Bhattacharyya
250 _a1st.
260 _aGuahati:
_bBanalata,991.
300 _a136p:
_c23cm.
653 _aBiography
653 _aBiography of Nirmal prabhar anupam abha
942 _cBK
999 _c2779
_d2779